000 00743nam a2200241 4500
001 3109559
003 OSt
005 20180116183027.0
008 850429s1945 enk 000 1 eng
010 _a 47000426
040 _aDLC
_cDLC
_dDLC
050 0 0 _aPR6005.O36534
_bL6 1945
051 _aPR6005.O36534
_bL6 1945b
_cAnother impression. "Second impression, December 1945."
082 0 0 _a813.54 COL 1945
_219
100 1 _aCollins, Norman,
_d1907
245 1 0 _aLondon Belongs to Me,
_cby Norman Collins ...
260 _aLondon,
_bCollins,
_c1945.
300 _a701 p.
_c21 cm.
440 _aLondon Belongs to Me,
500 _aFirst impression, Oct. 1945.
906 _a7
_bcbc
_corignew
_d1
_eocip
_f19
_gy-gencatlg
942 _2ddc
_cBK
999 _c350844
_d350844